Normal view
MARC view
- أبو الكشك،محمد نايف
Entry Personal Name
001 - CONTROL NUMBER
- control field: 22640
003 - CONTROL NUMBER IDENTIFIER
- control field: JO-AjAnu
005 - DATE AND TIME OF LATEST TRANSACTION
- control field: 20230606073914.0
008 - FIXED-LENGTH DATA ELEMENTS
- fixed length control field: 230606|| aca||aabn | a|a d
040 ## - CATALOGING SOURCE
- Original cataloging agency: JO-AjAnu
- Transcribing agency: JO-AjAnu
100 ## - HEADING--PERSONAL NAME
- Personal name: أبو الكشك،محمد نايف
670 ## - SOURCE DATA FOUND
- Source citation: Work cat.: (JO-AjAnu)11637: أبو الكشك،محمد نايف, author, الإدارة المدرسية المعاصرة